Is this the way to save? (Record no. 84281)

MARC details
000 -LEADER
fixed length control field 01215cab a22002295a 4500
001 - CONTROL NUMBER
control field L157175
008 - FIXED-LENGTH DATA ELEMENTS--GENERAL INFORMATION
fixed length control field 120913e20120908xxk 000 0 eng d
035 ## - SYSTEM CONTROL NUMBER
System control number (Sirsi) u157175
041 0# - LANGUAGE CODE
Language code of text/sound track or separate title eng
100 1# - MAIN ENTRY--PERSONAL NAME
Personal name Edwards, Martin
245 00 - TITLE STATEMENT
Title Is this the way to save?
260 ## - PUBLICATION, DISTRIBUTION, ETC.
Date of publication, distribution, etc. 2012
490 ## - SERIES STATEMENT
Series statement Estates Gazette
Volume/sequential designation (1236) 8 September 2012, 98(1)
520 ## - SUMMARY, ETC.
Summary, etc. Considers three cases that highlight the limitations of the written representations and hearing procedures. These are; "R (on the application of Ashley) v Secretary of State for Communities and Local Government and others" [2012], "R (on the application of Tait) v Secretary of State for Communities and Local Government" [2012] and "Proudfoot Properties v Secretary of State for Communities and Local Government and Another" [2012].
590 ## - LOCAL NOTE (RLIN)
Local note KA
650 24 - SUBJECT ADDED ENTRY--TOPICAL TERM
Topical term or geographic name entry element R (on the application of Ashley) v Secretary of State for Communities and Local Government and others
650 24 - SUBJECT ADDED ENTRY--TOPICAL TERM
Topical term or geographic name entry element R (on the application of Tait) v Secretary of State for Communities and Local Government
650 24 - SUBJECT ADDED ENTRY--TOPICAL TERM
Topical term or geographic name entry element Proudfoot Properties v Secretary of State for Communities and Local Government and another
651 #4 - SUBJECT ADDED ENTRY--GEOGRAPHIC NAME
Geographic name United Kingdom
700 1# - ADDED ENTRY--PERSONAL NAME
Personal name Martin, John
942 ## - ADDED ENTRY ELEMENTS (KOHA)
Suppress in OPAC 0
Holdings
Withdrawn status Lost status Source of classification or shelving scheme Damaged status Not for loan Home library Current library Shelving location Date acquired Total Checkouts Full call number Barcode Date last seen Copy number Price effective from Koha item type
    Dewey Decimal Classification     London London Journal article 13/09/2012   L157175 157175-1001 06/08/2019 1 06/08/2019 Journal article